Ultimate MCU Character Quiz - Statistics

General Stats
  • This quiz has been taken 42 times
  • The average score is 176 of 936
Answer Stats
Hint Answer % Correct
Founding Member of The Avengers; Asgardian God of Thunder Thor Odinson
90%
Raised by King Odin; "Brother" of Thor; Villain/Hero; Killed by Thanos Loki Laufeyson
86%
Asgardian Goddess of Death; Daughter of Odin; Formerly imprisoned in Hel Hela Odinsdottir
76%
Genocidal Warlord; Defeated The Avengers; Caused half of all life to perish Thanos
67%
Founding Member of The Avengers; Billionaire, Philanthropist, & Playboy Tony Stark / Iron Man
67%
Founding Member of The Avengers; Extremely skilled Marksman & Archer Clint Barton / Hawkeye
62%
Founding Member of The Avengers; Transforms into a big green monster Dr. Bruce Banner / The Hulk
62%
Former Air Force Officer; Best Friend of Tony Stark; Paralyzed James Rhodes / War Machine
62%
Mutant; Huge fan of Captain Marvel; Has the ability to manipulate Noor Kamala Khan / Ms. Marvel
62%
Various students at Coles Academic High School; Friends of Kamala Khan Miguel / Paul / Rafael / Shawn
62%
Former King of Asgard & Protector of the 9 Realms; DIED Odin Borson
62%
Former Midtown Tech Student; Crime Fighter in NYC w/ web powers | Superhero who operates in NYC from different universe (Andrew Garfield) | Superhero who operates in NYC from different universe (Tobey Maguire) Peter Parker / Spider-Man
62%
Genetically Modified Animal; Current Leader of the Guardians of the Galaxy Rocket Raccoon
62%
Founding Member of The Avengers; Earth's first known superhero Steve Rogers / Captain America
62%
Artificial Intelligence created by Stark & Banner; Tried to destroy humanity Ultron
62%
Enemy turned Ally turned Member of The Avengers; Controls Chaos Magic Wanda Maximoff / Scarlet Witch
62%
Members of the Clandestines; Exiled from the Noor dimension Aadam / Fariha / Saleem
57%
Witch from Salem, MA; 300+ Years later she tried stealing Wanda's magic Agatha Harkness
57%
Sons of Sarah Wilson; Nephews to Sam Wilson (TWO) AJ Wilson / Cass Wilson
57%
Member of the World Security Council; Secretly one of HYDRA's leaders Alexander Pierce
57%
Masters of the Mystic Arts & defenders of Kamar-Taj from Scarlet Witch (4) Ariann / Maria / Vinny / Weasel
57%
Flora Colossus; 2 Versions; Current Member of the Guardians of the Galaxy Groot
57%
Daughter of Hank Pym & Janet van Dyne; Hero that fights w/ Ant-Man Hope van Dyne / Wasp
57%
Inventor, Scientist, Engineer, Businessman & More; Father of Tony Stark Howard Stark
57%
Female Lawyer & Superhero based in LA; Cousin of Bruce Banner Jen Walters / She-Hulk
57%
Young Master Archer & Apprentice to Clint Barton; Young Avengers Kate Bishop / Hawkeye
57%
Member of the Illuminati from Earth-838; Crushed to death by Scarlet Witch Maria Rambeau / Captain Marvel
57%
Founding Member of The Avengers; Talented Spy and Assassin; DEAD Natasha Romanoff / Black Widow
57%
Former Director of SHIELD; Founder of The Avengers; Expert Spy Nick Fury
57%
Current CEO of Stark Industries; Wife of Tony Stark Pepper Potts / Rescue
57%
Has flying exo-suit made of Chitauri tech; First enemy of Spider-Man Adrian Toomes / Vulture
52%
Founder & CEO of A.I.M.; Enemy of Tony Stark; Killed by Pepper Potts Aldrich Killian
52%
Husband of Phastos, the Eternal / Son of Phastos & his husband Ben / Jack
52%
WWII Veteran & Best Friend of Steve Rogers; Leader of The Thunderbolts Bucky Barnes / Winter Soldier
52%
Has cosmic powers; Former member of Starforce; Former Avenger Carol Danvers / Captain Marvel
52%
Citizens of Tønsberg, Norway; Guarded the Tesseract Church Keeper / Jan / Erik
52%
Sought revenge on Ronan; Former Member of Guardians of the Galaxy Drax the Destroyer
52%
Developed the Ant-Man suit & was the original incarnation of the hero Dr. Hank Pym
52%
British Special-ops Commander; Took variant of the super soldier serum Emil Blonsky / Abomination
52%
"Daughter" of Thanos; Former Member of Guardians of the Galaxy; DEAD Gamora
52%
Head of Security of Stark Industries; One of Tony's closest friends Happy Hogan
52%
All-seeing, All-hearing; Former Gatekeeper of Asgard and its Bifrost Heimdall
52%
Lieutenant in the US Air Force; Friend & new partner of Sam Wilson Joaquín Torres / Falcon
52%
Military Contractor & former CEO of Hammer Industries; Rival of Tony Stark Justin Hammer
52%
Mutant w/ retractable claws & regenerative abilities; Friend of Deadpool Logan / Wolverine
52%
Daughter of Maria Rambeau; Gained powers from the Westview Anomaly Monica Rambeau / Photon
52%
"Sister" of Gamora; Former Member of Guardians of the Galaxy; Cyborg Nebula
52%
Former General of the Dora Milaje & Avenger; Closest ally of T'Challa Okoye
52%
One of the founders of SHIELD; Steve Rogers' only love interest Peggy Carter
52%
Member of the Illuminati from Earth-838; Cut in half by her own shield Peggy Carter / Captain Carter
52%
Former Intergalactic Outlaw & Leader of the Guardians of the Galaxy Peter Quill / Star-Lord
52%
Formerly Nick Fury's right-hand SHIELD Agent; Killed by Loki Phil Coulson
52%
Enemy turned Ally turned Member of The Avengers; Has super speed Pietro Maximoff / Quicksilver
52%
Radical Kree Warlord; Accuser of the Kree Empire; Killed by the Guardians Ronan the Accuser
52%
Former Air Force Pararescue; Became close friend of Steve Rogers Sam Wilson / Falcon
52%
Former Convicted Thief; Has advanced suit designed to shrink & grow Scott Lang / Ant-Man
52%
Princess of Wakanda; Sister of King T'Challa; Current Black Panther Shuri / Black Panther
52%
Soldiers at Edwards Air Force Base; Gathered around to see War Machine Stahr / Gandy
52%
Master of the Mystic Arts; Keeper of the Time Stone; Ally of the Avengers Steven Strange / Doctor Strange
52%
Washed-up British Actor; Hired by Aldrich Killian to portray The Mandarin Trevor Slattery
52%
Synthezoid created by Ultron; Former Avenger; Destroyed but Rebuilt Vision / White Vision
52%
Older brother of Kamala Khan; Supporter of Kamala Khan's heroics Aamir Khan
48%
Created by the Sovereign; Former enemy, now member, of the GOTG Adam Warlock
48%
Soviet Union's 1st super soldier; "Father" of Natasha Romanoff & Yelena B. Alexei Shostakov / Red Guardian
48%
Former Leader of the Masters of the Mystic Arts; Mentor of Dr. Strange Ancient One
48%
Daughter of Dreykov; Mimics fighting styles of enemy; The Thunderbolts Antonia Dreykov / Taskmaster
48%
Gained powers to render herself intangible; Member of the Thunderbolts Ava Starr / Ghost
48%
HYDRA Infiltrator as a STRIKE Team Field Commander; Blew himself up Brock Rumlow / Crossbones
48%
Daughter of Scott & Maggie Lang; Hero that wears a size-altering suit Cassie Lang / Stature
48%
Protégé of Hank Pym; Enemy of Scott Lang; Given unique suit by Kang Darren Cross / Yellowjacket
48%
Scientist & Professor at Culver University; Former GF of Bruce Banner Dr. Betty Ross
48%
Assistant & Friend of Jane Foster; Present during Westview Anomaly Dr. Darcy Lewis
48%
Renowned Astrophysicist & Author; Mentor to Jane Foster & Darcy Lewis Dr. Erik Selvig
48%
Flamboyant Ruler of Sakaar; Fascination w/ manipulating lesser life-forms En Dwi Gast / Grandmaster
48%
Former Navy Seal; Wakandan; Dedicated his life to dethrone T'Challa Erik Stevens / Killmonger
48%
Spider-Man Villain from another universe; Ability to control/morph into sand Flint Marko / Sandman
48%
Member of the Tracksuit Mafia; Ordered to track down Hawkeye in NYC Ivan Banionis
48%
Criminal w/ large hammer & red/white striped shirt; Banished to the void Ivan / The Russian
48%
Russian Physicist; Attacked Tony Stark with electric whiplashes Ivan Vanko / Whiplash
48%
Personal Assistant and Butler of Justin Hammer until Hammer's arrest Jack
48%
Victory Timely Variant; Banished to the Quantum Realm & killed by Ant-Man Kang the Conqueror
48%
Empath; Former Member of Guardians of the Galaxy; Left w/ her Abilisks Mantis
48%
Fighter Pilot in the US Air Force; Drank w/ Carol Danvers & Maria Rambeau Matthew "Spider" Kimmel
48%
Blind Lawyer & vigilante that operates in NYC; Lawyer for Peter Parker Matt Murdock / Daredevil
48%
Spider-Man Villain from another universe; Ability to manipulate electricity Maxwell Dillon / Electro
48%
Former Friend & Girlfriend of Peter Parker; Had key memories erased Michelle "MJ" Jones
48%
Former Stark Ind. Employee; Used holographic tech to "save" the world Quentin Beck / Mysterio
48%
Member of the Elementals, created by Mysterio; Manipulates Earth Sandman
48%
Fearsome Female Asgardian Warrior; Good friend of Thor & Warrior's Three Sif
48%
Keeper of the largest collection in the galaxy; Sold Knowhere to GOTG Taneleer Tivan / The Collector
48%
Ravager Lieutenant with weird name; Led a mutiny against Yondu Taserface
48%
Father of T'Challa & Shuri; Former Black Panther; Assassinated by Zemo T'Chaka / Black Panther
48%
Son of T'Chaka; Former King of Wakanda; Passed away from an illness T'Challa / Black Panther
48%
Former Lt. General & US Secretary of State; Now turns into red monster Thaddeus Ross / Red Hulk
48%
Mutant w/ regenerative abilities; Mercenary w/ humor & 4th wall breaking Wade Wilson / Deadpool
48%
Current Sorcerer Supreme of the Master of Mystic Arts; Former Librarian Wong
48%
Held the Ten Rings for a millennia; Founder of the Ten Rings (Organization) Xu Wenwu / Mandarin
48%
Adoptive sister of Natasha Romanoff; Leading member of the Thunderbolts Yelena Belova
48%
Leader of an exiled faction of the Ravagers; Adoptive father of Peter Quill Yondu Udonta
48%
King of the Olympians and Leader of Omnipotence City; Father of six Zeus Panhellenios
48%
Girl from the Utopian Parallel with the abilities to travel the Multiverse America Chavez
43%
Current Leader of the Dora Milaje; Freed Bucky from HYDRA brainwashing Ayo
43%
Leader of the Illuminati from Earth-838; Head torn off by Scarlet Witch Charles Xavier / Professor X
43%
Surgeon at Metro-General Hospital; Former girlfriend of Doctor Strange Dr. Christine Palmer
43%
Cellular Biologist at Grayburn College; Created the super soldier serum Dr. Samuel Sterns / Leader
43%
Asgardian Warrior & Member of the Warrior's Three; Killed by Hela Fandral
43%
Former Mayan; One of the first Talokanil to exist; Mother of Namor Fen
43%
Former Queen of Asgard; Wife of Odin; Mother of Thor & Loki Frigga
43%
Officer and Guard at San Quentin State Prison (TWO) Green / Villegas
43%
Son of Zeus; Tasked by his father to hunt down & kill Thor Odinson Hercules Panhellenios
43%
Asgardian Warrior & Member of the Warrior's Three; Killed by Hela Hogun
43%
Former Tactical Leader of the Eternals; Committed suicide by flying into Sun Ikaris
43%
Former Head of HYDRA during WWII; Guardian of the Soul Stone Johann Schmidt / Red Skull
43%
Former Right-hand to Yondu; Current Member of Guardians of the Galaxy Kraglin Obfonteri
43%
King of the Frost Giants of Jotunheim; Biological father of Loki Laufey
43%
Cruel & Malevolent Leader of the Dark Elves; Defeated by Thor Malekith
43%
Former United States Marine; Mercenary w/ dissociative identity disorder Marc Spector / Moon Knight
43%
Former Deputy Director of SHIELD; Nick Fury's right-hand woman Maria Hill
43%
Analyst & Agent at the TVA; Partner, friend & closest ally of Loki Mobius M. Mobius
43%
Talokanil Mutant; King & ruler of the underwater kingdom of Talokan Namor the Sub-Mariner
43%
Former Best Friend of Peter Parker; Smart; Had key memories erased Ned Leeds
43%
Former COO of Stark Industries; Had Tony Stark kidnapped Obadiah Stane / Iron Monger
43%
Men from Puente Antiguo, NM; Attempted to pick up Mjølnir Pete / Jake
43%
Commander of a Ten Rings terrorist cell in Afghanistan Raza Hamidmi al-Wazar
43%
Kinetic energy card-throwing abilities; Banished to void (Channing Tatum) Remy LeBeau / Gambit
43%
Skrull; Former General of Skrull Council; Friend of Nick Fury; Killed Talos
43%
Asgardian Warrior & Member of the Warrior's Three; Killed by Hela Volstagg
43%
Powerful businessman & crime lord in NYC; Rival of Daredevil Wilson Fisk / Kingpin
43%
Current wielder of the Ten Rings; Defended Ta Lo from his father Xu Shang-Chi
43%
Loyal Lieutenant of Malekith; Killed Frigga; Defeated by Loki Algrim the Strong / Kurse
38%
Alligator variant of Loki, banished to the void; "Pet" of Kid Loki Alligator Loki
38%
Carpenter Ant; Loyal steed of Ant-Man; Shot by Darren Cross Ant-thony
38%
Golden High Priestess of the Sovereign; Killed on Counter-Earth Ayesha
38%
Current leader of the TVA; Ally of Mobius M. Mobius, Loki & Sylvie B-15
38%
Nurse & 2 Doctors at Metro-General Hospital; Assisted Dr. Strange Billy / Bruner / Patel
38%
Member of the Illuminati from Earth-838; Accidently burst his own brain Blackagar Boltagon / Black Bolt
38%
Members of a Brooklyn Support Group attended by Steve Rogers Bobby / Jimmy
38%
Reigning Sovereign of New Asgard; Only surviving Valkyrie of Asgard Brunnhilde / Valkyrie
38%
Colonel in the US Army; First & only Director of Strategic Scientific Reserve Chester Phillips
38%
Old variant of Loki, banished to the void; Survived his Thanos' attack Classic Loki
38%
Girl Dog w/ psionic abilities; Current Member of Guardians of the Galaxy Cosmo the Spacedog
38%
Member of the Black Order; Extremely large & strong; Killed by Hulkbuster Cull Obsidian
38%
Spider-Man Villain from another universe; Scientist, transformed into lizard Curt Connors / Lizard
38%
Inter-dimensional entity who rules over the Dark Dimension; Uncle of Clea Dormammu
38%
General in the Soviet Armed Forces; Overseer for the Red Room Dreykov
38%
Earth's Foremost Astronomer & Astrophysicist; Love interest of Thor Dr. Jane Foster / Mighty Thor
38%
Member of the Black Order; Gifted with telekinesis powers; Cruel Ebony Maw
38%
Butler of Howard Stark; Picked Howard up from Camp Lehigh in 1970 Edwin Jarvis
38%
Celestial; Living planet; Father of Peter Quill & Mantis; Destroyed Ego
38%
Former Bully, & later friend of Peter Parker; Had key memories erased Flash Thompson
38%
Member of Adrian Toomes' criminal group; Replaced Jackson Brice as ____ Herman Schultz / Shocker II
38%
Geneticist, obsessed w/ creating the perfect life form; Mutated Rocket High Evolutionary
38%
Commander of the Nova Corps; Led her people during Battle of Xandar Irani Rael
38%
Afflicted with a curse that causes him to transform during a full moon Jack Russell / Werewolf by Night
38%
Member of Adrian Toomes' criminal group; Used unique gauntlet; Killed Jackson Brice / Shocker I
38%
Wife of Hank Pym; Mother of Hope van Dyne; Original incarnation of Wasp Janet van Dyne
38%
Children in London, UK; Found the portal for the Nine Realms John / Maddie / Navid
38%
Former acting Captain America; Current member of the Thunderbolts John Walker / U.S. Agent
38%
Father of Carol Danvers / Mother of Carol / Brother of Carol Joseph / Marie / Steve
38%
Kronan Warrior; Imprisoned on Sakaar; Good friend of Thor, Valkyrie & Hulk Korg
38%
Best friend of Scott Lang; Assisted Ant-Man multiple times; Tells stories Luis
38%
Daughter of William Lopez; Deaf Choctaw tribe member; Has new powers Maya Lopez / Echo
38%
Aunt of Peter Parker; Raiser Peter alone; Killed by Green Goblin's glider May Parker
38%
Current King of Wakanda & Leader of the Jabari Tribe; Very Strong M'Baku
38%
Sakaaran Insectoid Warrior; Imprisoned on Sakaar; Best friend of Korg Miek
38%
Former Wakandan War Dog; Lover of King T'Challa, & Mother of T'Challa II Nakia
38%
Muslim student at Coles Academic High School; Friend of Kamala Khan Nakia Bahadir
38%
Spider-Man Villain from another universe; Scientist & CEO of Oscorp Norman Osborn / Green Goblin
38%
Spider-Man Villain from another universe; Nuclear Scientist & Inventor Otto Octavius / Doctor Octopus
38%
Former X-Force Member; Friend of Wade Wilson; Works at Drive Max Peter Wisdom
38%
FBI Agents tasked with escorting & guarding Everett Ross in 2025 Pete / Shauver
38%
Member of the Illuminati from Earth-838; Ripped apart like spaghetti Reed Richards / Mister Fantastic
38%
Current Prime Eternal & leader of the Eternals; GF of Dane Whitman Sersi
38%
Great-niece of Peggy Carter; SHIELD Agent; Ally of Captain America Sharon Carter / Power Broker
38%
Friends of Shang-Chi & Katy Chen; Told story by the two; Wife & Husband Soo / John
38%
Female variant of Loki; Hid through different timelines hunting the TVA Sylvie Laufeydottir
38%
Neighbor of Maria & Monica Rambeau; Tried to see the parked Quadjet Tom
38%
Father of Elsa Bloodstone; Former leader of the Monster Hunting Cabal Ulysses Bloodstone
38%
Noblewoman and Director of the CIA; Founder of the Thunderbolts Valentina Allegra de Fontaine
38%
Criminal in NYC; Gave Spider-Man information; Has nephew named Miles Aaron Davis / Prowler
33%
Employee at an Apple Store; Tried assisting Steve Rogers & Black Widow Aaron / "NoobMaster69"
33%
Former Spiritual Leader of the Eternals; Killed by Ikaris after betrayal Ajak
33%
Physical Education Teacher at Midtown School of Science and Technology Andre Wilson
33%
Prime Celestial credited for creating the first Sun; Created the Eternals Arishem the Judge
33%
Men who went on a date with Jennifer Walters, aka She-Hulk (3) Arthur / Derek / Noah
33%
Former avatar of Khonshu; Became a devouted follower of Ammit Arthur Harrow
33%
Regular patron at a bar that Deadpool goes to; Friend of Wade Wilson Buck
33%
Devout members of the Disciples of Ammit in London (THREE) Chase / Jamila / Victor
33%
Journalist for Vanity Fair & WHiH World News; Slept w/ Tony Stark Christine Everhart
33%
Member of the Black Order; Husband of Proxima; Killed by Vision Corvus Glaive
33%
Client of She-Hulk; Powers don't let him die; Kept faking his own death Craig Hollis / Mister Immortal
33%
Scientist; Creator of the original Super Soldier Serum during WWII Dr. Abraham Erskine
33%
Member of the Eternals that could control minds; Briefly left the Eternals Druig
33%
Acrobatic vigilante w/ twin sai; Banished to the void (Jennifer Garner) Elektra Natchios
33%
Estranged daughter of Ulysses Bloodstone; Befriended Werewolf by Night Elsa Bloodstone
33%
Famous vampire hunter; Banished to the void (Wesley Snipes) | Human-vampire; Vampire hunting vigilante; Confronted Dane Whitman Eric Brooks / Blade
33%
French-Algerian Mercenary; One of Interpol's most wanted criminals Georges Batroc "the Leaper"
33%
Strongest & kindest member of the Eternals; Watched over Thena in exile Gilgamesh
33%
Vengeful killer who sought the extinction of all gods; Used the Necrosword Gorr the God Butcher
33%
Leader of the radical Skrull Resistance; Skrull General in the Skrull Council Gravik
33%
Former Member of the Black Widows; Later fought at Golden Daggers Club Helen
33%
Criminal Mastermind who tore the Avengers apart; In prison at the Raft Helmut Zemo / Baron Zemo
33%
Victory Timely Variant; Founder of the TVA and the "Sacred" timeline He Who Remains
33%
Extra-terrestrial anthropomorphic duck; Currently lives on Knowhere Howard the Duck
33%
Talented swordsman; Ex-fiancée of Eleanor Bishop; Ally of Kate Bishop Jack Duquesne / Swordsman
33%
Current FBI Agent; Scott Lang's parole officer; Saw the Westfield Anomaly Jimmy Woo
33%
Leader of the Flag Smashers; Sought to restore the world to bad times Karli Morgenthau / Flag Smasher
33%
Solider of the Kree Empire; Loyal Enforcer for Ronan the Accuser Korath the Pursuer
33%
Biological daughter of Wolverine; Joined Deadpool's universe w/ Wolverine Laura / X-23
33%
Egyptian Archaeologist; Wife of Marc Spector; Fights w/ Moon Knight Layla El-Faouly / Scarlet Scarab
33%
Best friend & partner of John Walker, during the army & as Captain America Lemar Hoskins / Battlestar
33%
Daughter of Gorr; Adopted by Thor Odinson; Fights using Stormbreaker Love
33%
Former Air Force Pilot; Founder of SWORD; Friend of Carol Danvers Maria Rambeau
33%
Cosmic Hero & X-Men Ally; Found Monica Rambeau from another universe Maria Rambeau / Binary
33%
Mother of Tony Stark & Wife of Howard Stark; Assassinated w/ Howard Maria Stark
33%
Daughter of Tony Stark & Pepper Potts; Said, "I love you 3000." Morgan Stark
33%
Dijiang; Pet of Trevor Slattery after he was captured by the Ten Rings Morris
33%
Father of Jennifer Walters / Mother of Jennifer Walters Morris Walters / Elaine Walters
33%
Deadpool Variant, banished to the void; Mercenary & owner of Dogpool Nicepool
33%
Author & Scientist at the TVA; Repairs and Advancement department Ouroboros
33%
Inventor for the Eternals; Formed a family; Extremally smart Phastos
33%
Member of the Black Order; Wife of Corvus; Killed by a Thresher Proxima Midnight
33%
Judge at the TVA; Close ally of He Who Remains; Pruned to the void Ravonna Renslayer
33%
Nova Corps Denarian; Contact to Star-Lord & the Guardians of the Galaxy Rhomann Dey
33%
Guardian of the Bifrost Bridge by Loki; Joined Hela, but later betrayed her Skurge / Executioner
33%
Ravager Cpt. of his Ravager Clan; Helped GOTG break into Orgoscope Stakar Ogord
33%
Human turned swamp creature w/ powers; Friend of Jack Russell Ted Sallis / Man-Thing
33%
Goddess of War & member of the Eternals; Self-imposed exiled herself Thena
33%
Personal Servant of Thanos; Neck snapped by Ronan the Accuser The Other
33%
"Son" of Wanda Maximoff created during the Westview hex; Speed Tommy Maximoff
33%
SHIELD Agent; Performed maintenance on a Quinjet after an attack Tyler
33%
Acting Director of S.W.O.R.D. after the Snap; Dealt w/ the Westview hex Tyler Hayward
33%
Victory Timely Variant; Scientist & inventor who helped Loki & O.B. Victor Timely
33%
Wakandan Shaman; Caretaker of Heart-shaped Herbs; Killed by Killmonger Zuri
33%
Mother of Sana Ali; Exiled from Noor Dimension; Stabbed by Najma Aisha
29%
Blind; Friend and Roommate of Wade Wilson; Often disgusted by Wade Althea / Blind Al
29%
Ennead; Infamous for judging & punishing people before they commited evil Ammit
29%
Former combat instructor of the Dora Milaje; Love interest of Ayo Aneka
29%
Olympian & son of Zeus; Contest of Champions of Sakaar Champion Ares
29%
Wealthy socialite; Uncle to Jack Duquesne; Killed by Eleanor Bishop Armand Duquesne III
29%
Young Child & family member to the wealthy socialite Duquesne family Armand Duquesne VII
29%
Son of Heimdall & Grace; Helped Thor find the kidnapped children Axl Heimdallson
29%
Deadpool Variant, banished to the void; Infant mutant mercenary w/ pacifier Babypool
29%
Reporter; Asked Tony Stark, "What happened over there?" Ben
29%
"Son" of Wanda Maximoff created during the Westview hex; Psionics Billy Maximoff
29%
Black variant of Loki, banished to the void; Betrayed Loki & gang Boastful Loki
29%
Superpowered individual with a blue and yellow suit (Thunderbolts*) Bob Reynolds / Sentry
29%
Twin sister of Charles Xavier; Banished to the Void by the TVA; Killed Cassandra Nova
29%
Former US Army Officer; Injected with Extremis and died Chad Davis
29%
Friend of Scott Lang, Luis & Kurt; Team's getaway drive during heists | Henchman of Ulysses Klaue; Accompanied Klaue to a weapons deal Dave
29%
Lieutenant Commander of the Royal Navy; Impersonated by Pagon Dave Matailton
29%
Kicked out of Kamar-Taj; Became magician; Client of She-Hulk Donny Blaze
29%
Lead Scientist for HYDRA; Studied the tesseract; Transferred into computer Dr. Arnim Zola
29%
Scientist & Surgeon; Helped Tony Stark build the first suit Dr. Ho Yinsen
29%
Genetic Biologist; Mastermind behind Extremis project; Killed by Killian Dr. Maya Hansen
29%
Soldier in the US Army during WWII; Member of the Howling Commandos Dum Dum Dugan
29%
Human host of a popular symbiote; Briefly transported to main universe Eddie Brock / Venom
29%
King of the Dwarves, & last survivor; Forced to make the Infinity Gauntlet Eitri
29%
Mother of Kate Bishop; Former CEO of Bishop Security; Wilson Fisk partner Eleanor Bishop
29%
Adoptive brother of Thanos; Helped the Eternals on Earth find the abducted Eros / Starfox
29%
Former CIA Deputy Task Force Commander; Good friend of Wakanda Everett Ross
29%
Giant Asgardian Wolf of Hela; Resurrected by Hela; Defeated by Hulk Fenris
29%
Daughter of Talos & Soren; Super-Skrull; Has powers from many beings G'iah
29%
Attorney and named partner at Goodman, Lieber, Kurtzberg & Holliway Holden Holliway
29%
Korean War veteran & super soldier serum recipient; Secret hero Isaiah Bradley
29%
HYDRA Infiltrator posing as a SHIELD Agent; Killed by the Winter Soldier Jasper Sitwell
29%
College Student at Culver University; Friend of Jack McGee Jim Wilson
29%
Fantastic Four Member w/ flame abilities; Banished to void (Chris Evans) Johnny Storm / Human Torch
29%
Former Masters of the Mystic Arts; Led the Zealots; Served Dormammu Kaecilius
29%
Former member of the Masters of the Mystic Arts; Now kills sorcerers Karl Mordo
29%
Egyptian God of the Moon & the Night Sky; Chose Marc Spector as avatar Khonshu
29%
Child variant of Loki, banished to the void; Killed his version of Thor Kid Loki
29%
Female Deadpool Variant, banished to the void; Young mercenary child Kidpool
29%
Cosmic-powered member of Eternals; Formed Bollywood acting dynasty Kingo
29%
Leader of the Deviants & main rival of the Eternals; Killed by Thena Kro
29%
Friend of Scott Lang, Luis & Dave; Team's hacker during heists Kurt Goreshter
29%
Wife of Clint Barton; Mother of three children; Former SHIELD Agent Laura Barton
29%
One-eyed, male Golden Retriever; Adopted by Kate Bishop Lucky the Pizza Dog
29%
Genetically modified Otter, kept by the High Evolutionary; Killed Lylla
29%
Deadpool Dog Variant, banished to the void; Now owned by Deadpool Mary Puppins / Dogpool
29%
Scientist & Red Room Operative; "Mother" of Natasha Romanoff & Yelena Melina Vostokoff
29%
Mother of Peter Quill; Died of brain caner that was given to her by Ego Meredith Quill
29%
Artificial Intelligence created by He Who Remains; Helps run the TVA Miss Minutes
29%
Leader of the Clandestines; Mother of Kamran; Sacrificed herself Najma
29%
X-Men Member w/ concussive force generation abilities; GF of Yukio Negasonic Teenage Warhead
29%
Younger brother of King T'Chaka; Betrayed Wakanda; Killed by T'Chaka N'Jobu
29%
Former salvager with a gift for engineering; Created Vulture's exo-suit Phineas Mason / Tinkerer
29%
X-Men Member w/ metal abilities; Friend of Deadpool & Ellie Phimister Piotr Rasputin / Colossus
29%
Variant of Loki, banished to the void; Commanded army of evil Lokis President Loki
29%
MIT student & inventor; Created a flying suit of armor, based off Iron Man Riri Williams / Ironheart
29%
Shapeshifting Light Elf and the Daughter of an Alfheim diplomat Runa
29%
Criminal, Restaurateur, and Black-market technology Dealer; Arrested Sonny Burch
29%
Skrull Wife of Talos; Mother of G'iah; Killed by Gravik for opposing him Soren
29%
Grandiose storyteller of Eternals; Turned back into a human so she can age Sprite
29%
Artificial Intelligence; Former Ruler of the Kree Empire; Destroyed Supreme Intelligence
29%
Fire Demon & lord of Muspelheim; Completed the prophecy of Ragnarök Surtur
29%
Mother, Daughter & 2 Sons; Fans of Hulk; Got selfies at a diner in 2023 Taylor / Lia / Julian / Augie
29%
Personal Bodyguard of the Grandmaster on Sakaar; Killed by Bruce Banner Topaz
29%
Kree Scientist; Created project P.E.G.A.S.U.S.; Mentor to Carol Danvers Wendy Lawson / Mar-Vell
29%
Current Leader of the Ten Rings; Younger sister of Shang-Chi Xu Xialing
29%
Chinese Member of the World Security Council; Killed by Secretary Pierce Yen
29%
Kree Empire Commander & Leader of Starforce; Defeated by Cpt. Marvel Yon-Rogg
29%
Female soldier in the Ta Lo Armed Forces; Helped defend Ta Lo Yuki
29%
Father of Aamir & Kamala Khan; Supporter of Kamala Khan's heroics Yusuf Khan
29%
Second-in-command of the Ten Rings terrorist cell in Afghanistan Abu Bakaar
24%
Yakuza Boss & Criminal Leader; Hunted down and killed by Ronin Akihiko
24%
Antiquities collector; Former friend of Layla El-Faouly; Betrayed Layla Anton Mogart / Midnight Man
24%
Midtown School Alumni; Co-host of Midtown News; Intern at Daily Bugle Betty Brant
24%
F'saki of Adam Warlock; Current member of the Guardians of the Galaxy Blurp
24%
Former King of Asgard; Father of Odin Borson; Killed in a war Bor Burison
24%
Colonel in the US Air Force; Assisted in the detection of Iron Man in AF Craig
24%
Historian at London's Natural History Museum; Owner of the Ebony Blade Dane Whitman
24%
Variant of Strange from another universe; Tried sacrificing America Chavez Defender Strange
24%
Owner of ___'s Deli & Grill in NYC; Peter Parker is a regular customer Delmar
24%
Former Member of SHIELD; Old "Friend" of Hank Pym; Adopted Ava Starr Dr. Bill Foster / Goliath
24%
World-renowned geneticist; Leader of U-GIN; Created Vision's body Dr. Helen Cho
24%
Medical Technician; Injected Emil Blonsky with the super soldier serum Dr. Thomas
24%
Specialist in Chinese & Western Medicine; Removed Tony's shrapnel Dr. Wu
24%
Former Lt. Colonel in the US Army; Worked for Aldrich Killian & Extremis Eric Savin
24%
Genetically modified Rabbit, kept by the High Evolutionary; Killed Floor
24%
Senior Exec at Pym Technologies; Killed by Darren Cross in the bathroom Frank
24%
Flerken (Cat); Former pet of Mar-Vell; Current pet of Carol Danvers Goose
24%
One-finned Goldfish owned by Steven Grant / Moon Knight; Replaced Gus
24%
Child; Tennessee Local; Tony Stark broke into his garage; Helped Stark Harley Keener
24%
Show host of The Daily Bugle; Publicly exposed Spider-Man's identity J. Jonah Jameson
24%
Mutant w/ pyrokinetic powers; Banished to the void; TVA informant John Allerdyce / Pyro
24%
Major in the US Air Force deployed at Edwards Air Force Base Julius Allen
24%
Shang-Chi's closest friend; Helped defend Ta Lo as an archer Katy Chen
24%
Female Deadpool Variant, banished to the void; Led Deadpool Corps Ladypool
24%
Criminal w/ uncanny aim & target on his head; Banished to the void Lester / Bullseye
24%
High-ranking warrior in the Ten Rings; Trained the young Shang-Chi Li Ching-Lin / Death Dealer
24%
Former captain of Midtown's academic decathlon team; Liked Peter Parker Liz Allan
24%
Asgardian Actor; Played Loki in two Asgardian plays (Matt Damon) "Loki" Actor
24%
Outfit designer for superheroes; Made She-Hulk & Leapfrog's new suits Luke Jacobson
24%
Ex-wife of Scott Lang; Mother of Cassie Lang; Wife of Jim Paxton Maggie Lang
24%
Has superhuman strength; Social Media influencer; Rival of She-Hulk Mary MacPherran / Titania
24%
45th President of the United States; Saved by Iron Man from Aldrich Killian Matthew Ellis
24%
Kree Tactical Sniper & Member of Starforce; Killed by Maria Rambeau Minn-Erva
24%
Second Son of Clint & Laura Barton; Youngest Child Nathaniel Barton
24%
Female Mutant w/ quill generation abilities; Banished to the void Quill
24%
Queen Mother of Wakanda; Wife of T'Chaka; Mother of T'Challa & Shuri Ramonda
24%
Culver Uni. Alumni; Coach of Midtown's Academic Decathlon Team Roger Harrington
24%
Grandmother of Aamir & Kamala Khan; Mother of Muneeba Khan Sana Ali
24%
Resident of Westview; Portrayed Mrs. Hart in Scarlet Witch's hex Sharon Davis
24%
Former US Senator from Pennsylvania; Covert Member of HYDRA Stern
24%
Genetically modified Walrus, kept by the High Evolutionary; Killed Teefs
24%
Asgardian Actor; Played Thor in two Asgardian plays (Luke Hemsworth) "Thor" Actor
24%
Mutant w/ animal-like abilities & brother of Wolverine; Banished to the void Victor Creed / Sabretooth
24%
Former Head of Security for Wakanda's Border Tribe; Wakandan Traitor W'Kabi
24%
X-Men Member w/ limited precognitive abilities; GF of Ellie Phimister Yukio
24%
Members of the Black Knife Cartel; Tried to capture Echo for Kingpin Zane / Walker / Carter
24%
Former member of Abomaste; Self-proclaimed swashbuckler from Spain Alejandro Montoya / El Águila
19%
Arcturan Wife of Stakar Ogord; Leader of her own Ravager Clan Aleta Ogord
19%
Former member of Abomaste; Wears a suit coated with deadly spikes Alexander Gentry / Porcupine
19%
Pig (Kunekune Pig) experimented on by Melina Vostokoff on her farm Alexei
19%
Trans-temporal entity that serves as the guardian of the Void; Smoke Alioth
19%
Director of the United States Department of Damage Control Anne Marie Hoag
19%
Disgraced Soviet Scientist; Father of Ivan Vanko; Helped create arc reactor Anton Vanko
19%
Ant; Helped Ant-Man catch up to Sonny Burch; Eaten by a seagull Ant-tonio Banderas
19%
Olympian & daughter of Zeus; Wilderness, wild animals & chastity Goddess Artemis
19%
Fierce Male Talokanil Warrior; One of Namor's closest advisors Attuma
19%
Red-skinned Mutant w/ teleportation abilities; Banished to the void Azazel
19%
Mutant w/ psionic energy manipulation abilities; Banished to the void Betsy Braddock / Psylocke
19%
Cousin of Maya Lopez; Drove his grandma's truck to help Maya, "Echo" Biscuits
19%
Member of the Wrecking Crew and Intelligencia; Enemy of She-Hulk Brian Phillip Calusky / Piledriver
19%
Mutant w/ superhuman strength & metal helmet; Banished to the void Cain Marko / Juggernaut
19%
Krylorian Slave of The Collector; Tried to harness the Power Stone; DIED Carina
19%
Logan "Wolverine" Variant; Formidable Mutant (Portrayed by Henry Cavill) Cavillrine
19%
First Son of Clint & Laura Barton; Eldest Child Cooper Barton
19%
Deadpool Variant, banished to the void; Cowboy (Matthew McConaughey) Cowboypool
19%
Revolutionary Kree warrior; Enemy of Captain Marvel, Photon & Ms. Marvel Dar-Benn
19%
SHIELD Agents; Assigned to work at the SHIELD Crater Investigation Site Delancey / Jackson
19%
Former leader of the Wrecking Crew; Former member of Abomaste Dirk Garthwaite / Wrecker
19%
Member of the Tracksuit Mafia; Bored, played cards with Ivan Banionos Dmitri
19%
Former Stark Ind. Employee; Mysterio's Crew; Assisted in the plan Doug
19%
Scientist & prime figurehead of HYDRA; Killed by Iron Man in Europe Dr. List
19%
Leader of the Soul Eaters; Killed by Shang-Chi using the Ten Rings Dweller-in-Darkness
19%
Mother of Jane Foster; Passed away due to cancer Elaine Foster
19%
Member of the Wrecking Crew and Intelligencia; Enemy of She-Hulk Eliot Franklin / Thunderball
19%
Female US Army Veteran; Worked for Aldrich Killian & Extremis project Ellen Brandt
19%
Frog-themed vigilante; Arrested after kidnapping L. Jacobson to make suit Eugene Patilio, Jr. / Leapfrog
19%
Mercenaries who worked under Batroc in capturing the Lemurian Star Ferdinand Lopez / Gerald Durand
19%
Fat Mutant w/ superhuman strength & durability; Banished to the void Fred Dukes / Blob
19%
Deadpool Variant, banished to the void; Deadpool from France Frenchpool
19%
Wife of the late Heimdall & mother of Axl Heimdallson Grace
19%
Sister of Vickie Tyson / Friend of Vickie; Both helped turn in Echo Grace Tyson / Brigitte
19%
Police Officers in the San Francisco PD; Arrested Sonny Burch & crew Hancock / Scott
19%
Mutant & key member of the X-Men; Found Monica Rambeau w/ Binary Hank McCoy / Beast
19%
Deadpool Variant, banished to the void; Zombified flying skeleton head Headpool
19%
Asgardian Actress; Played Hela in an Asgardian play (Melissa McCarthy) "Hela" Actress
19%
Navy SEALs; On operation to discover vibranium outside of Wakanda (2) Henderson / West
19%
Member of the Elementals, created by Mysterio; Manipulates Water Hydro-Man
19%
HYDRA Infiltrator as Brock Rumlow's right-hand man; Captured Jack Rollins
19%
Police Officer in the SFPD; Husband of Maggie Lang; Stepfather to Cassie Jim Paxton
19%
History Teacher at Midtown; Co-chaperone the school's European trip Julius Dell
19%
Son of Najma; Love interest of Kamala Khan; Also has Noor powers Kamran
19%
High-ranking member of the Tracksuit Mafia; Childhood friend of Echo Kazi Kazimierczak
19%
First Daughter of Clint & Laura Barton; Middle Child Lila Barton
19%
Old friend of She-Hulk; Invited her to be a bridesmaid at her wedding Lulu
19%
Pro Criminal; Tried buying Vulture's weapons; Webbed up by Spider-Man Mac Gargan / Scorpion
19%
Accidentally sent to a hellish dimension by Donny Blaze; BFF of Wong Madisynn King
19%
A.I.; Leader of its own Ravager Clan; Joined Stakar Ogord's Team Mainframe
19%
Member of the Eternals with super speed; Deaf, can only use sign language Makkari
19%
Pluvian First Officer of the Stakar Ravager Clan; Made of clear crystals Martinex
19%
Adoptive son of Wenwu; Assassin for Ten Rings w/ retractable arm blade Mattias / Razor Fist
19%
Mother of Aamir & Kamala Khan; Supporter of Kamala Khan's heroics Muneeba Khan
19%
Female Talokanil Warrior; One of Namor's most trusted advisors Namora
19%
Asgardian Actor; Played Odin in two Asgardian plays (Sam Neill) "Odin" Actor
19%
Affiliated w/ Navy Seals; Divers who discovered vibranium outside Wakanda Rita Salazar / Jackson
19%
S.W.O.R.D. Agent; Worked closely w/ Tyler Hayward during Westview hex | Vice President under Matthew Ellis; Betrayed the US, aligned with A.I.M. Rodriguez
19%
Owner of ___'s Souvenirs in LA, California; Sold map to Drax & Mantis Sara
19%
Sister of Sam Wilson; Mother of AJ & Cass Wilson; Helped by Sam Sarah Wilson
19%
Variant of Strange from another universe; Corrupted him & caused incursion Sinister Strange
19%
Celestial planted in Earth; Destroyed by the Eternals; Giant statue Tiamut the Communicator
19%
Billionaire & the founder of Intelligencia; Arrested for targeted harassment Todd Phelps
19%
Commander of the Einherjar, the Asgardian Army Tyr
19%
Former MI6 Agent; Personal Bodyguard / Enforcer of Sonny Burch Uzman
19%
Ex-fiancée of Wade Wilson; Good friend of Wade still; Brought back to life Vanessa Carlysle
19%
US Army Captain; Rescued by Falcon after being kidnapped by LAF Vassant
19%
Freedom Fighters Member, in the Quantum Realm; Has a special ooze Veb
19%
Widow of Ulysses Bloodstone; Monster Hunter; Killed by Man-Thing Verussa Bloodstone
19%
Mother of Marc Spector / Father of Marc Spector / Dead brother of Marc Wendy / Elias / Randall
19%
Father of Maya Lopez; Commander of the Tracksuit Mafia; Killed by Ronin William Lopez
19%
One of HYDRA's Leaders; Captured in Europe; Killed by Ultron Wolfgang von Strucker
19%
Avatar of the Egyptian goddess Hathor; Friend of Khonshu; Killed Yatzil
19%
Guardian of Ta Lo; Wife of Xu Wenwu; Mother of Shang-Chi & Xialing Ying Li
19%
Airman in the US Air Force; 1/3 Member of Tony Stark's escort Adam Pratt
14%
Various Henchman working for Sonny Burch (THREE) Anitolov / Derek / Knox
14%
Kree Stealth / Raid Specialist & Current Member of Starforce; Alive Att-Lass
14%
Attorney assigned to the Superhuman Law Division; Friend of She-Hulk Augustus Pugliese
14%
Background employees for OrgoCorp; Stationed on the Orgoscope (3) Bam / Dark / Murph
14%
Best friend of Kamala Khan; Helped her discover / understand her powers Bruno Carrelli
14%
Lead singer & guitarist of ___ and the Knowheremen, a band on Knowhere Bzermikitokolok
14%
SHIELD Technician; Stood against Brock Rumlow in the face of death Cameron Klein
14%
Deadpool Variant, banished to the void; Deadpool from Canada Canadapool
14%
Cousin of the Grandmaster; Publicly executed (Melt stick) for high treason Carlo
14%
Variant of Frank Morris; Filed evidence at the TVA; Ally of Mobius Casey
14%
Husband of Dr. Christine Palmer; Met Christine after the Snap Charlie
14%
Jovian Leader of his own Ravager Clan; Joined Stakar Ogord's Team Charlie-27
14%
Estranged grandmother of Maya Lopez; Mother of Taloa Lopez Chula Battiest
14%
Sorceress from the Dark Dimension; Came to Doctor Strange for help Clea
14%
2 Members of the Flag Smashers; Escaped through NYC tunnels DeeDee / Gigi
14%
Receptionist for Bishop Security / Employee at Bishop Security (TWO) Dee / Terry
14%
Sold pickup truck to Betty Ross, so she & Bruce Banner could get to NYC Dennis
14%
Father of Kate Bishop; Owned $ to Wilson Fisk; Killed during Battle of NY Derek Bishop
14%
Taxi Driver and Friend of Wade Wilson; Often drives Deadpool around Dopinder
14%
Wife of Adrian Toomes; Mother of Liz Allan; Forced to move to Oregon Doris Toomes
14%
Member of the Flag Smashers; Right-hand Man of Karli Morgenthau Dovich
14%
Assistant to Dr. Wu; Ran computer simulations of the surgery beforehand Dr. Wu Jiaqi
14%
Krylorian-Human Daughter of Rhomann Dey & Karman-Kan Duranna
14%
Asgardian Physician; Treated Jane Foster during her stay in Asgard Eir
14%
Grandson of Isaiah Bradley; Caring & protective of his grandfather Eli Bradley
14%
Deadpool Variant, banished to the void; Deadpool dressed as a jester Foolpool
14%
Soldier in the US Army during WWII; Member of the Howling Commandos Gabe Jones
14%
Giant cephalopod creature sent by Scarlet Witch to kidnap America Chavez Gargantos
14%
High-respected Nova Corps Denarian; Killed during the Battle of Xandar Garthan Saal
14%
Staffers for the United Nations; Present during large explosion (TWO) Gibson / Wu
14%
Mystical Dragon & Protector of Ta Lo; Fought the Dweller-in-Darkness Great Protector
14%
Elderly Master of the Mystic Arts of Kamar-Taj; Killed by Scarlet Witch Hamir
14%
HYDRA Agent; Assassinated Abraham Erskine; Bit into cyanide pill Heinz Kruger
14%
Member of the Wrecking Crew and Intelligencia; Enemy of She-Hulk Henry Camp / Bulldozer
14%
Brother of William Lopez & Uncle to Maya Lopez; Helped Maya, "Echo" Henry Lopez / Black Crow
14%
US Air Force Major; Participated in the rescue of Captain Vassant Hill
14%
Intern and Love Interest of Dr. Darcy Lewis Ian Boothby
14%
Victory Timely Variant; 1/3 Co-leaders of the Council of Kangs Immortus
14%
College Student at Culver University; Reporter of Culver University Press Jack McGee
14%
British Elite Soldier during WWII; Member of the Howling Commandos James Montgomery Falsworth
14%
Father of Meredith Quill & Grandfather to Peter Quill ; Reunited with Peter Jason Quill
14%
Former member of the Masters of the Mystic Arts; Attacked by Karl Mordo Jonathan Pangborn
14%
Chosen to hold the warrior mantle of the Order of the Red Daggers Kareem / Red Dagger
14%
Krylorian Wife of Rhomann Dey; Mother of Duranna Karman-Kan
14%
Personal Valet of Kingo; Cameraman who accompied the Eternals mission Karun Patel
14%
Governor of Axia, in the Quantum Realm; Old fling of Janet van Dyne Krylar
14%
Criminal Associates of Erik "Killmonger" Stevens & Ulysses Klaue (TWO) Limbani / Linda
14%
Attorney assigned to the Superhuman Law Division; Attorney of She-Hulk Mallory Book
14%
Midtown School of Science & Technology Principal; Relative of Jim Morita Morita
14%
Mutant w/ amphibian-like abilities; Banished to the void Mortimer Toynbee / Toad
14%
Rogue Agent of the TVA; Recruited Deadpool to destroy Earth-10005 Mr. Paradox
14%
Mother of Chad Davis; Gave Tony Stark information about Extremis Mrs. Davis
14%
Agents of the United States Department of Damage Control (THREE) P. Cleary / Sadie Deever / Foster
14%
One of the Star Children; Befriended Drax; Current member of the GOTG Phyla
14%
Creation and friend of Eros, aka Starfox; Introduced Eros to the Eternals Pip the Troll
14%
Resident of Westview; Portrayed Pietro Maximoff in Scarlet Witch's hex Ralph Bohner
14%
Sister of Morris Walters & Aunt of Jen Walters / Cousin of Jen Walters Rebecca Walters / Ched
14%
Deadpool Variant, banished to the void; Well-dressed and Rich Deadpool Richpool
14%
International smuggler & independent contractor; Ally of Natasha Romanoff Rick Mason
14%
Master of the Mystic Arts & Apprentice at Kamar-Taj; Green R'Vaalian Rintrah
14%
Current President of the United States of America; Passed Anti-Alien Act Ritson
14%
SHIELD Director in 1990s; Had his identity assumed by Talos R. Keller
14%
Master of the Mystic Arts; Sacrificed herself to destroy the Darkhold Sara Wolfe
14%
MI6 Agent; Friend of Nick Fury; Helped Fury take down Skrull Resistance Sonya Falsworth
14%
Wire-haired Jack Russell terrier; Pet of Billy & Tommy Maximoff; DEAD Sparky
14%
Owner of Stanley's Pizza Parlor; Friend of Dr. Bruce Banner Stanley Lieber
14%
Mother of Maya Lopez, aka Echo; Had ability to heal others; DEAD Taloa Lopez
14%
Former Merchant on Xandar; Refused to buy the Orb from Peter Quill The Broker
14%
SHIELD Agent; Tasked by Nick Fury to create the Night Monkey suit The Seamstress
14%
Member of the Tracksuit Mafia; A huge fan of the band, Imagine Dragons Tomas
14%
International criminal & underground black-market arms dealer; Killed Ulysses Klaue
14%
Ant; Ant-Man's steed when infiltrating Ghost's Hideout Ulysses S. Gr-ant
14%
Worker at Henry Lopez's SkateLife; Turned Echo in to pick up her bounty Vickie Tyson
14%
Pig biconically reengineered into a Hell Spawn; High Evolutionary minion War Pig
14%
Former Scientist at Stark Ind.; Helped Mysterio create Combat Drones William Ginter Riva
14%
Mutant w/ retractable claw-like fingernails; Banished to the void Yuriko Oyama / Lady Deathstrike
14%
Student at Coles Academic High School; Popular TikTok influencer Zoe Zimmer
14%
SWAT Agents who arrested Trevor Slattery (Two) Adams / Danbury
10%
Member of the Ten Rings terrorist cell in Afghanistan; Deceased Ahmed
10%
News Reporter for FBX; Reported on refugees from Gulmira, AF Amira Ahmed
10%
Ex-partners of Craig Hollis; Each believed he was dead, but he wasn't Amy / Cheryll / Sebastian / Taylor
10%
Monster Hunter; Participated in ceremony to inherit Bloodstone; 37 kills Azarel
10%
God of Dumplings; Member of the Council of Godheads; Alive bao bun Bao
10%
Monster Hunter; Participated in ceremony to inherit Bloodstone; 26 kills Barasso
10%
Wakandan / Egyptian Goddess; Member of the Council of Godheads Bast
10%
Robot created by the Grandmaster; Works as a bartender on Sakaar Beerbot 5000
10%
Bird biconically reengineered into a Hell Spawn; High Evolutionary minion Behemoth
10%
Head of Security for Anton Mogart; Stabbed by Layla El-Faouly Bek
10%
Members of the radical Skrull Resistance & followers of Gravik (4) Beto / Kreega / Nuro / Zirksu
10%
Undercover HYDRA Agents in SHIELD; Tried to use Project Insight Bobbitt / Wonsik
10%
Cousin of Maya Lopez; Close to her cousin; EMT in a Fire Department Bonnie
10%
Women who went on double date w/ Steve & Bucky during Stark Expo Bonnie / Connie
10%
Student at Midtown; Became infatuated with MJ during the Europe trip Brad Davis
10%
Bearded Kree Operative & Current Member of Starforce; Alive Bron-Char
10%
Member of the Elementals, created by Mysterio; Manipulates Air Cyclone
10%
Emcee for a beauty pageant at the Hamilton County Memorial Hall | Tow truck driver for Slott Towing; Drove She-Hulk back home from a retreat David
10%
Female Deadpool Variant, banished to the void; From the year 2099 Deadpool 2099
10%
Resident of Westview; Portrayed a mailman in Scarlet Witch's hex "Dennis Webber"
10%
Associate in Nick Fury's crew; Monitored Peter Parker on Europe trip Dimitri Smerdyakov
10%
Former General of the TVA Minutemen; Killed by Revonna Renslayer Dox
10%
Former US Army Officer; Therapist of Bucky Barnes, aka Winter Soldier Dr. Christina Raynor
10%
Attending Physician to Meredith Quill, a patient with brain cancer Dr. Fitzgibbon
10%
Psychiatrist at Culver University; Briefly dated Betty Ross Dr. Leonard Samson
10%
Neurosurgeon at Metro-General Hospital; Rival of Doctor Strange Dr. Nicodemus West
10%
Leader of the Salemites and the mother of Agatha Harkness Evanora Harkness
10%
Security Guards for Project P.E.G.A.S.U.S.; Opened elevator for Talos (2) Ficke / Good
10%
Director of the Museum of Great Britain; Poisoned by Erik Killmonger Fiona Thomas
10%
Police Officers with the Beverly Hills PD; Had run in with Drax & Mantis Fitzgibbon / R. Bobbitt
10%
S.W.O.R.D. Agent; Sent in to investigate Westview; "The Beekeeper" Franklin
10%
Judge at the TVA; Ordered the stopping of all pruning after truth came out Gamble
10%
Cameraman for WZPZ; Tony Stark used his van so he could watch footage | Captain of a catering company hired by Armand Duquesne III for a gala Gary
10%
Ravager w/ thick glasses; Sided w/ Taserface during the mutiny & Killed Gef
10%
Member of the World Security Council; Secretly one of HYDRA's leaders Gideon Malick
10%
Private in the US Army during WWII; One of the candidates for the serum Gilmore Hodge
10%
Ravager w/ half-an-undercut; Sided w/ Taserface during the mutiny & Killed Halfnut
10%
Security Guard; Convinced Bruce Banner to fight with the other Avengers Harry
10%
Member of the World Security Council; One of Prime Overseers of SHIELD Hawley
10%
Female Soldier at the TVA; Kidnapped by Sylvie Laufeydottir and tortured Hunter C-20
10%
Owner of Isabela's Diner in New Mexico; Served Thor coffee Isabela Alvarez
10%
Egyptian Goddess of Magic; Member of Ennead Council & Godheads Isis
10%
French Resistance during WWII; Member of the Howling Commandos Jacques Dernier
10%
Leader of the Freedom Fighters, in the Quantum Realm; Ally of Ant-Man Jentorra
10%
Soldier in the US Army during WWII; Member of the Howling Commandos Jim Morita
10%
Pet dog of Lulu; Groomsman at Lulu's wedding; Had to be resuscitated Jonathan
10%
Former ringmaster at the Golden Daggers Club; Follower of Xu Xialing Jon Jon
10%
Deadpool Variant, banished to the void; Regal Deadpool w/ crown Kingpool
10%
Lem Sorcerer & Leader of his own Ravager Clan; Joined Ogord's Team Krugarr
10%
Waitress at Izzy in NYC; Went on a date with Bucky Barnes Leah
10%
Private in the US Army during WWII; Secretary of Chester Phillips Lorraine
10%
Member of the Elementals, created by Mysterio; Manipulates Fire Molten Man
10%
Former member of Abomaste; Vampire, and friends w/ rest of Abomaste Muzzafar Lambert / Saracen
10%
Member of the Flag Smashers; Killed by John Walker w/ his shield Nico
10%
Best friend of Jennifer Walters; Paralegal at GLK/H law firm in LA Nikki Ramos
10%
Pregnant Wife of John Walker; Met John at Custer's Grove High School Olivia Walker
10%
Member of the Ten Rings terrorist cell in Afghanistan; Deceased Omar
10%
Member of the NYC LARPers; Claimed: "We're essentially Avengers." Orville
10%
Ennead; Leader of the Ennead Council; Chose Selim as his avatar Osiris
10%
Deadpool Variant, banished to the void; Mercenary and Pirate Piratepool
10%
Pizza purveyor from New York City of Earth-838; Hit himself for 3 weeks Pizza Poppa
10%
Freedom Fighters Member, in the Quantum Realm; Telepathic member Quaz
10%
Employee at the TVA; Deadpool & Wolverine are his idols | Solider at Edwards Air Force Base; To the right of General Allen Ralph
10%
Victory Timely Variant; 1/3 Co-leaders of the Council of Kangs Rama-Tut
10%
Airman in the US Air Force; 1/3 Member of Tony Stark's escort Ramirez
10%
Personal Housemaid of Secretary Alexander Pierce Renata
10%
Indian Member of the World Security Council; Killed by Secretary Pierce Singh
10%
Dispatcher on Knowhere, formerly working for The Collector Steemie Blueliver
10%
Member of the Illuminati from Earth-838; Executed by the Illuminati Supreme Strange
10%
Chipman Family (THREE); Drove a car with Wade Wilson in the back Tammy / Kevin / Elliot
10%
Egyptian Goddess of Women & Children; Chose Layla El-Faouly as avatar Taweret
10%
Skrull refugee on Earth; Wife of Nick Fury; Former agent under Talos Varra / "Priscilla Davis"
10%
Major General in the US Air Force deployed in Afghanistan William Gabriel
10%
Prince of Aladna; Husband of Carol Dancers for diplomatic reasons Yan
10%
Current Guardian of Ta Lo; Sister of Ying Li; Aunt of Shang-Chi & Xialing Ying Nan
10%
Midtown School Alumni & Former Member of the academic decathlon team Abe Brown
5%
Resident of Westview; Portrayed Norm Gentilucci in Scarlet Witch's hex Abilash Tandon
5%
Employees at a Supermax Prison; Called into a hearing by She-Hulk A. Chance / C. Cowart / S. Holt
5%
Secretary to the CEO of Stark Industries, mainly Pepper Potts Bambi Arbogast
5%
Krylorian Woman who briefly dated Peter Quill; Woke up on his ship Bereet
5%
US Army Pilot; Flew helicopter that was taken down by The Hulk Berry
5%
Waitress in New York City; Interviewed by CNN after the Battle of New York Beth
5%
Detectives for the Metropolitan Police Service; Followers of Ammit Billy Fitzgerald / Bobbi Kennedy
5%
Sorcerers, loyal under Kaecilius & Zealots (4; No names, attributes) Blonde / Brunette / Nervous / Tall
5%
Postal Worker on Counter-Earth; Humanimal (Cassowary); Killed Blue Jay
5%
Former TVA Hunter; Defected to the Sacred Timeline to become an actor Brad Wolfe / X-05
5%
US Senator; One of the patrons of Project Rebirth during WWII Brandt
5%
Officer in the US Air Force; Mocked Carol Danvers, a girl, for flying Bret Johnson
5%
Civilian living in the Quantum Realm; Looks like a certain hated vegetable Broccoli Man
5%
Member of the radical Skrull Resistance; Stole identity of Martin Wallace Brogan
5%
Female Mutant w/ superhuman speed & knives; Banished to the void Callisto
5%
Waitress who worked at the wedding reception of Christine Palmer Carla
5%
Security Officer at OrgoCorp; Made fun of for his "vegetable-like" looks Carrot Head
5%
Victory Timely Variant; 1/3 Co-leaders of the Council of Kangs Centurion
5%
Notorious international gangster; Impersonated by Sam Wilson Conrad Mack / Smiling Tiger
5%
Agents of S.A.B.E.R.; Allies of Nick Fury and the Marvels Dag / Talia
5%
Manager of a Baskin-Robbins in San Francisco; Gave Scott Lang an award Dale
5%
Solider at Edwards Air Force Base; To the left of General Allen Dalton
5%
Member of the US Air Force; Assisted in the detection of Iron Man in AF David Owens
5%
Attorney at LA County District Attorney's Office; Former colleague & rival Dennis Bukowski
5%
Member of the Flag Smashers; Piloted the plane & later the helicopter Diego
5%
Villagers who lived on Druig's Compound in Peru (TWO) Diego / Jano
5%
Olympian & son of Zeus; God of wine, pleasure, fertility & theater Dionysus Acratophorus
5%
SHIELD Surgeon; Performed emergency surgery on Nick Fury Dr. Fine
5%
Kronan; Partner of Korg, with whom he has a Kronan child Dwayne
5%
Tour Guide at the National Art Gallery; Moon Knight stood her up Dylan
5%
Judges for the county of Los Angeles; Oversaw some of She-Hulk's cases Earley / Hanna
5%
Member of the Elementals, created by Mysterio; Fusion of all 4 elements Elemental Fusion
5%
Cousins of Luis / Hank Pym's Housekeeper / Boyfriend of the Housekeeper Ernesto / Ignacio / Emily / Carlos
5%
Celestial who once wielded the Power Stone; Destroyed an entire planet Eson the Searcher
5%
Pet dog (American Akita) of Yelena Belova; Went w/ her to Natasha's grave Fanny
5%
Member of the United Ravagers; Original owner of Blurp; Disintegrated Fitz-Gibbonok
5%
Freedom Fighters Member, in the Quantum Realm; Furry species Furry Face
5%
SHIELD Carrier Bridge Technician; Frequently played Galaga on the job Galaga Guy
5%
Partner of Jim Paxton in the SFPD / Detective in the SFPD (TWO) Gale / Brown
5%
SHIELD Agents; Assigned to monitor Thor before Battle of Puente Antiguo Garrett / Cale
5%
Butler for Flash Thompson's family; Picked up Flash from the airport Gerald
5%
Firefighter in the FDNY; LARPer and Ally of Hawkeye & Kate Bishop Gilbert "Grills"
5%
Deadpool Variant, banished to the void; Mercenary with gas mask Golden Age Deadpool
5%
Elder of Ta Lo; Opposed Wenwu; Mentor to Katy Chen; Killed during battle Guang Bo
5%
Former Stark Ind. Employee; Mysterio's Crew; Made up Mysterio's story Gutes Guterman
5%
Magician lawyer who represents the Mystic Castle; Donny Blaze is client Hank Sanderson
5%
Egyptian Goddess of Music & Love; Chose Yatzil as her avatar Hathor
5%
Member of the Flag Smashers; Drove the gang's van; Killed Hector Lennox
5%
Ravager loyal to Yondu, but questioned him; Killed during Battle of Xandar Horuz
5%
Chancellor; High-ranking Ten Rings member; Car couldn't get through maze Hui
5%
Elderly women friend group; Regular mosque attendants in Jersey City Humaira / Ruby / Zara
5%
Former Member of the Black Widows; Forced by Dreykov to kill herself Ingrid
5%
Former Stark Ind. Employee; Mysterio's Crew; Created Mysterio's suit Janice
5%
Midtown School Alumni; Co-host of Midtown News; Relaxed student Jason Ionello
5%
Security Guard at National Art Gallery; Friendly w/ Moon Knight (Steven) J.B.
5%
Elite HYDRA Operative; Enhanced by super soldier serum; Killed by Zemo Josef
5%
Monster Hunter; Participated in ceremony to inherit Bloodstone; 57 kills Joshua Jovan
5%
Leader of the Orgosentries & the Head of Security on the Orgoscope Karja
5%
Officer in the US Air Force; Assisted in the detection of Iron Man in AF Kenneth Smith
5%
Vlogger; Filmed Spider-Man do a flip on a rooftop & Shang-Chi's bus fight Klev
5%
Store Clerk at Pet Palace in NM; Told Thor they didn't have horses Kyle
5%
Monster Hunter; Participated in ceremony to inherit Bloodstone; 43 kills Liorn
5%
Member of LAF; Joined Batroc the Leaper in kidnapping Captain Vassant Louie
5%
Sorcerer, loyal under Kaecilius & a Zealots; Killed by Doctor Strange Lucian Aster
5%
Member of the Americans Against Russia; Impersonated by Brogan Martin Wallace
5%
Inmate at 7th Circle Prison in Russia; Had wrist broken by Red Guardian Mikhail Ursus / Ursa Major
5%
Olympian & daughter of Zeus; Greek Goddess of Wisdom & War Minerva Parthenos
5%
Blamed Tony Stark for her son's death at Sokovia; Led to Civil War Miriam Sharpe
5%
Organizer for the NYC LARPers; Made Hawkeye & Kate Bishop costumes Missy
5%
Leader of Wakanda's Border Tribe; On the Wakandan Tribal Council M'Kathu
5%
Criminal imprisoned in the Kyln; Tried to kill Gamora, but stopped by Drax Moloka Dar
5%
Physics Teacher at Midtown School of Science and Technology Monica Warren
5%
Black Male Ravager; Sided w/ Taserface during the mutiny & Killed Narblik
5%
Abomination's pen pals & love interest while in prison; (N-Z) (4) Nicolette / Ruth / Sheila / Yvonne
5%
Kronan God; Member of the Council of Godheads in Omnipotence City Ninny of the Nonny
5%
Skrull Chief Science Officer and Talos' second-in-command; Killed Norex
5%
Ravager; Stayed loyal to Yondu and killed by Taserface; Pleaded for help Oblo
5%
Octopus & hyena hybrid; Head of High Evolutionary's Hell Spawn Octo-hyena
5%
Personal Butler of Baron Helmut Zemo; Blew up the Flag Smashers Oeznik
5%
Gravik's second-in-command in the radical Skrull Resistance Pagon
5%
Female Prime Minister of the United Kingdom; Impersonated by a Skrull Pamela Lawton
5%
Logan "Wolverine" Variant; Works in Madripoor wearing an eyepatch Patch
5%
Inmate at San Quentin; Fought Scott Lang before he left, but friendly Peachy
5%
Bartender at the Legal Ease Bar & Grill; Often served Jennifer Walters Pedro
5%
Judge for the state of California; Oversaw multiple of She-Hulk's cases Price
5%
Member of the radical Skrull Resistance; Stole identity of James Rhodes Raava
5%
Loyal Subordinate of King Laufey, King of the Frost Giants Raze
5%
Two Women who attended Tony Stark's birthday party; Same name Rebecca / Rebeca
5%
Civilian living in the Quantum Realm; Looks to be made of ribbons Ribbon Man
5%
Security Guard at National Art Gallery; Devoted follower of Ammit Ronnie
5%
Expert female scientist w/ red hair; Impersonated by a Skrull Rosa Dalton
5%
Had tall metal helmet; Imprisoned on Sakaar; Killed by Thanos on ship Roscoe
5%
Owner of Bridge Donuts; Confused Ant-Man with Spider-Man Ruben
5%
Former X-Force Member & alien; Brought back to life by Deadpool Rusty / Shatterstar
5%
Midtown School Alumni & Former Member of the academic decathlon team Sally Avril
5%
Police Officers in New York City during the Battle of New York Saunders / Silva
5%
F-22 Raptor Pilot in the US Air Force; Partner of Whiplash #1 Scott Campbell
5%
Ravager w/ wrinkly skin; Sided w/ Taserface during the mutiny & Killed Scrote
5%
Avatar of the Egyptian god Osiris; Killed by Arthur Harrow & Ammit Selim
5%
Deadpool Variant, banished to the void; Noticeably shorter than others Shortpool
5%
Employee at Pingo Doce Bottling Plant; Bullied Bruce Banner until death Silva
5%
High-ranking Navy SEAL Officer; Oversaw operation, alongside the CIA Smith "Smitty"
5%
Kree Scout; Captured by Skrulls to lure Starforce to Torfa to kidnap Vers Soh-Larr
5%
Resident of Westview; Portrayed a obstetrician in Scarlet Witch's hex "Stan Nielson"
5%
Corrupt FBI Agent; Informant for Sonny Burch; Killed by Ghost Stoltz
5%
Captain in the US Air Force deployed at Edwards Air Force Base Taylor
5%
Son of King T'Challa & Nakia; Born and raised in Haiti, instead of Wakanda T'Challa II
5%
Piloted Arête Laboratories for High Evo.; Humanimal (Naked Mole-Rat) The Controller
5%
Resident of Knowhere; Sold some form of Orloni (either pets or food?) The Orloni Peddler
5%
Midtown School Alumni; Found Shocker's gauntlet & stole it for himself Tiny McKeever
5%
Strategic Operations Command Center Officer; Tried capturing The Hulk Tommy Johnson
5%
Indigarrian goat owned by Thor; Pulls the viking skiff, The Aegir Toothgnasher
5%
Indigarrian goat owned by Thor; Pulls the viking skiff, The Aegir Toothgrinder
5%
Sneeper criminal imprisoned in the Kyln; Screamed "Murderer!" to Gamora Toothless
5%
Bodyguard of Justin Hammer; Killed by Ivan Vanko Troy McGatlin
5%
Veteran Ravager Lieutenant; Stayed loyal to Yondu and killed by Taserface Tullk Ul-Zyn
5%
Male Neighbor of Yori Nakajima & formerly Bucky Barnes Unique
5%
Krylorian employee at OrgoCorp; Helped Star-Lord break out of OrgoCorp Ura
5%
HYDRA Operative; Handler of the Winter Soldier; Killed by Baron Zemo Vasily Karpov
5%
Rebel turned arms dealer & owns art gallery; Impersonated by a Skrull Vasily Poprishchin
5%
Manager of a HYDRA weapons facility during WWII; Executed by Red Skull Velt
5%
Ravager with prosthetic eye; Sided w/ Taserface during the mutiny & Killed Vorker
5%
Leader of the Order of the Red Daggers; Saved Kamala Khan before death Waleed
5%
Man who travels universe; Reports adventures to the Watchers (Stan Lee) Watcher Informant
5%
Logan "Wolverine" Variant; Lost his left hand & fought in a dystopian world Weapon X
5%
Deadpool Variant, banished to the void; Deadpool from Wales, UK Welshpool
5%
F-22 Raptor Pilot in the US Air Force; Ejected out of his seat Whiplash #1
5%
Former member of Abomaste; Laboratory experiment turned him part bull William Taurens / Man-Bull
5%
Loyal Member of the Dora Milaje; Had her throat slit by Killmonger Xoliswa
5%
Elderly Japanese-American Man; Former neighbor of Bucky Barnes Yori Nakajima
5%
Deadpool Variant, banished to the void; Mercenary w/ calm demeanor Zenpool
5%
Sovereign Pilot; Omnicraft Pilot; Last pilot to be destroyed by the GOTG Zylak
5%
Former Member of the Black Widows; Elite Assassin; Black Female Agnesa
0%
Abomination's pen pals & love interests while in prison; (A-M) (3) Alejandra / Blair / Marta
0%
Driver who supplies guarana to the Pingo Doce Bottling Plant Alves
0%
Major in the US Air Force; Gave Monica Rambeau a SWORD Space Rover Aly Goodner
0%
Mothers of America Chavez; Wives; They live in the Utopian Parallel Amalia Chavez / Elena Chavez
0%
Japanese Goddess of the Dead; Member of the Council of Godheads Amatsu-Mikaboshi
0%
SHIELD Agent; Controlled Project Insight hangar bay doors at Triskelion Anderson
0%
Strategic Operations Command Center Soldier; Sent to hunt The Hulk Armand Martel
0%
Philippine Air Force officer; Filipino Rep. in the Global Repatriation Council Ayla Perez
0%
Shop Class Teacher at Midtown School of Science and Technology Barry Hapgood
0%
Elderly "living statue" in London; Moon Knight (Steven) often talked to him Bertrand Crawley
0%
Postal Service Worker; Sent package from Bruce Banner to Mr. Blue Bezerra
0%
Wore jester-type Outfit; Imprisoned on Sakaar; Fought in Battle for Asgard Biff
0%
Former butler for Verussa Bloodstone; Now serves Elsa Bloodstone Billy Swan
0%
Employee at OrgoCorp; Manipulated by Mantis to fall in love with Drax Bletelsnort
0%
Senator from New York; Called for the regulation of super-powered people Boynton
0%
Achernonian Ravager; Sided w/ Taserface during the mutiny & Killed Brahl
0%
FBI Agents; Member of Jimmy Woo's monitoring unit (TWO) Burleigh / Pearson
0%
Strategic Operations Command Center Soldier; Sent to hunt The Hulk Carl Curtis
0%
Strategic Operations Command Center Soldier; Sent to hunt The Hulk Carl Parmenter
0%
Detectives in the New York City PD; Investigated the Tracksuit Mafia Caudle / Rivera
0%
Mayan god of rain & abundance; Member of the Council of Godheads Chaac
0%
Choctaw Ancestors of Maya Lopez; Powers eventually given to Echo Chafa / Lowak / Tuklo
0%
Midtown School Alumni & Former Member of the academic decathlon team Charles Murphy
0%
Soldier at Edwards Air Force Base; Alerted to War Machine flying up Chas Chamberlain
0%
US Army Officer at Camp Lehigh in 1970; Led search party for intruders Chesler
0%
News Reporter for WHiH World News; Reported at the Stark Expo 2010 Chess Roberts
0%
News anchor at FXN & host of his own show; Impersonated by a Skrull Chris Stearns
0%
Parole Officer assigned to oversee Emil Blonsky; Called Jennifer Walters Chuck Donelan
0%
Midtown School Alumni & Former Member of the academic decathlon team Cindy Moon
0%
Chemistry Teacher at Midtown School of Science and Technology Cobbwell
0%
Owner & Curiosity Curator of the Mystic Castle; Friend of Donny Blaze Cornelius P. Willows
0%
Strategic Operations Command Center Soldier; Sent to hunt The Hulk Craig Saunders, Jr.
0%
Female Member of Aleta Ogord's Ravager Clan Daisy Kiu
0%
Master of the Mystic Arts; Protector of the New York Sanctum; Executed Daniel Drumm
0%
Captain of a whale-sighting boat operating from San Francisco Daniel Gooobler
0%
Assistant to King Valkyrie; Tour guide for New Asgard Tours in New Asgard Darryl Jacobson
0%
Strategic Operations Command Center; Led defense against Abomination Delta 4
0%
Freedom Fighters Member, in the Quantum Realm; Manned the guns Derrick
0%
Director of the British organization, MI6; Impersonated by a Skrull Derrik Weatherby
0%
Police Officers for the Lagos State Police Command in Nigeria Dhakim / Madao
0%
Staff manager at the National Art Gallery; Boss of Moon Knight (Steven) Donna Kraft
0%
Human Resources at the National Art Gallery; Fired Moon Knight (Steven) Dornfeld
0%
Midtown School Alumni; Sat next to Peter Parker in physics; ROTC suit Douglas
0%
Mineralogist for the CIA; Killed by Namor and his Talokanil warriors Dr. Graham
0%
Nuclear Scientist; Killed & had eye removed by Loki during a Gala Dr. Heinrich Schäfer
0%
Doctor at Parkside Hosptial; Doctor of Maria Rambeau when she got sick Dr. Highland
0%
Medical Technician; Assisted Dr. Thomas with injecting the serum Dr. Milgrom
0%
Skrull Monarch; Former leader of the Skrull refugee colony on Tarnax IV Dro'ge
0%
Scientist who recreated the Super Soldier Serum for the Flag Smashers Dr. Wilfred Nagel
0%
Marauder present at the Invasion of Vanaheim; Killed by Volstagg Duhg
0%
Parents of Ava Starr; Both killed during quantum experiment (TWO) Elihas Starr / Catherine Starr
0%
Member of the Tracksuit Mafia; Woke up the knocked-out Clint Barton Enrique
0%
Little Girl; Fan of Iron Man; Met Tony Stark at Neptune's Net in California Erin
0%
French neurosurgeon and an old colleague of Doctor Steven Strange Etienne
0%
Young Boy who lived in Gulmira, AF; He, and family, saved by Iron Man Ezil
0%
Friends w/ Kate Bishop when she knocked the bell of Stane Tower down Franny / Greer
0%
Host at OrgoCorp; Present when the GOTG broke into the Orgoscope Friniki
0%
Counselor at Coles Academic High School; Friendly w/ Kamala Khan Gabe Wilson, Jr.
0%
Member of the Ten Rings; Sent with Razor Fist to capture Shang-Chi Gao Lei
0%
Doctors at Metro-General Hospital; Met w/ Dr. Strange about his hands Garrison / Weiss
0%
Colonel General in the Russian Armed Forces; Taken down by Black Widow Georgi Luchkov
0%
Native of Indigarr; Ex-wife of Kraglin Obfonteri; Left behind on Indigarr Glenda
0%
Citizen of Knowhere; Gambled alongside Howard the Duck & a few others Gridlemop
0%
Loyal Subordinate of King Laufey, King of the Frost Giants Grundroth
0%
Booskan who tried to overthrow the Indigarrian government; Killed Habooska the Horrible
0%
Loyal Subordinate of King Laufey, King of the Frost Giants Hailstrum
0%
3-headed Warrior; Imprisoned on Sakaar; Died trying to save Asgard Hajo
0%
Celestial; Watched over the Eternals, under Arishem the Judge Hargen the Measurer
0%
Deadpool Variant, banished to the void; Mercenary (Harry Holland) Haroldpool
0%
Resident of Westview; Portrayed Phil Jones in Scarlet Witch's hex Harold Proctor
0%
Major in the US Air Force; Present during Justin Hammer's presentation Harper
0%
Husband of Aisha & father of Sana Ali; Raised Sana Ali alone Hasan
0%
Police Officer for the NYPD; Killed during Abomination's attack in NYC Hayes
0%
Crew member on the Air Force One; Saved by Iron Man from Eric Savin Heather
0%
Wife of Volstagg; Celebrated the victory after Vanaheim w/ family Hildegund
0%
Residents of Knowhere, after being bought by the GOTG; Best friends Hoobtoe / Ssssaralami
0%
Egyptian God of Kingship and Sky; Member of the Ennead Council Horus
0%
Sorcerer, loyal under Kaecilius & a Zealots; Killed by The Ancient One Hugh Goodbody
0%
Hurctarian Ravagers; Sided w/ Taserface during the mutiny & Killed; TWO Huhtar / Shran
0%
Male Soldier at the TVA; Testified against Revonna Renslayer for Mobius Hunter D-90
0%
High-ranking Nazi Officers; Betrayed & vaporized by Johann Schmidt Hutter / Roeder / Schneider
0%
Pet White Cockatoo of Ivan Vanko; Neck snapped by Vanko Irina
0%
Mother & Father of Wanda & Pietro Maximoff; Killed by Stark missile Iryna Maximoff / Olek Maximoff
0%
Resident of Westview; Portrayed Beverly in Scarlet Witch's hex Isabel Matsueda
0%
Former US Army Soldier; Became addicted to Extremis; Blew up Jack Taggart
0%
Celestial; Watched over the Eternals, under Arishem the Judge Jemiah the Analyzer
0%
Fierce member of the Dora Milaje; Fought alongside Aneka & Shuri Jemini
0%
Malaysian Guest at the Golden Daggers Club; Wore a spiky face mask Jie
0%
Airman in the US Air Force; 1/3 Member of Tony Stark's escort Jimmy Ryan
0%
General in the US Army; Led the hunt for Hulk under General Ross Joe Greller
0%
Strategic Operations Command Center Soldier; Sent to hunt The Hulk John Armbruster
0%
Resident of Westview; Portrayed Herbert Feltman in Scarlet Witch's hex John Collins
0%
Member of Intelligencia; Slept w/ Jen Walters just to get sample of blood Josh Miller
0%
Student at Midtown; Attended the Midtown class field trip to Europe Josh Searing
0%
High-ranking Navy & Army Officers; Present at hearing about SHIELD J.Sandell / S.Scudder / C.Bryant
0%
Orgosentry stationed on Orgoscope; His uncle was a boss at OrgoCorp Kai-El
0%
Major in the US Army; Aide to General Ross during the hunt for Hulk Kathleen Sparr
0%
Ten Rings Member in Afghanistan; Watched over security cameras Khalid
0%
Civilian living in the Quantum Realm; Looks like Japanese pottery style Kintsugi Man
0%
Played the electric bass for Bzermikitokolok and the Knowheremen Kortolbookalia
0%
Resident of Knowhere; Purple-skinned Alien with creepy smile Kunza
0%
Administrator of the Orgoscope; Shot in the leg by Gamora Kwol
0%
Prime Minister of India & Rep. in the Global Repatriation Council Lacont
0%
Member of the US Air Force; Assisted in the detection of Iron Man in AF Lacy
0%
Antiquities dealer & black market passport forger; Friend of Layla El-Faouly Lagaro
0%
Created & imprisoned by High Evolutionary; Mantis screamed seeing it Lambshank
0%
Star Children, formerly kept by the High Evolutionary; Live on Knowhere Latti / 2KK9090
0%
Former United States of America senator; Pawn used by HYDRA L. Atwood
0%
Female Lawyer; Represented Runa in court against Jennifer Walters Lauren Jesper
0%
French Detective; Held Ivan Vanko in custody after the Duel of Monaco Lemieux
0%
Former Member of the Black Widows; Caretaker of Taskmaster until 2016 Lerato
0%
Guard at Damage Control Supermax Prison; Walked She-Hulk through Lillas
0%
Supervisor for the Red Room program & the Trainer of Natasha Romanoff Madame B.
0%
Manger of the Pingo Doce Bottling Plant in Porto Verde, Brazil Marcos de Souza
0%
Orderly at Metro-General Hospital; Walked past Dr. Christine Palmer Marie Boon
0%
Citizen of New York City; Yelled at Spider-Man to keep the noise down Marjorie
0%
Former Collogue of Betty Ross at Culver University Marlo Chandler
0%
Employee at Pingo Doce Bottling Plant; Brief love interest of Bruce Banner Martina
0%
Member of the Flag Smashers; Held off troops so they could take off Matias
0%
Member of Wakanda's Jabari Tribe; M'Baku's right-hand man M'Bele
0%
US Air Force General; CO of James Rhodes before becoming War Machine Meade
0%
Supervisor at the Berlin Correctional Facility in Germany Menz
0%
Drill Sergeant during WWII; Trained Steve Rogers & Gilmore Hodge Michael Duffy
0%
Sheriff of the Eastview Sheriff's Office; Responded to the Westview hex Miller
0%
Victory Timely Variant; Businessman & member of the Council of Kangs Mister Gryphon
0%
HYDRA Operative (SHIELD Head of Defense); Tried buying shrinking suit Mitchell Carson
0%
Member of the United Ravagers; Drank & laughed w/ Howard the Duck Molly
0%
Strategic Operations Command Center Soldier; Drove the van Monte
0%
S.W.O.R.D. Agent; Trapped in the Westview hex as "The Strongman" Monti
0%
SHIELD Communications Officer; Stationed at Triskelion Moore
0%
Family of Katy Chen; Mother of Katy Chen / Grandmother / Brother Mrs. Chen / Waipo Chen / Ruihua
0%
Pet Cat owned by Delmar; Often petted by Peter Parker when he comes in Murph
0%
Owner of The Gyro King, a food truck often visited by Kamala Khan Najaf
0%
Civilian living in the Quantum Realm; Just tried enjoying his meal N'Brij
0%
Wife & Husband who helped the GOTG on Counter-Earth (Vampire Bats) Neelie / Till
0%
Celestial; Watched over the Eternals, under Arishem the Judge Nezarr the Calculator
0%
French Prison Guard; Had his neck snapped by Ivan Vanko Noel Chevalier
0%
Loyal Members of the Dora Milaje; Transported Baron Zemo (TWO) Nomble / Yama
0%
Former Member of the Black Widows; Freed Yelena from Red Room control Oksana
0%
Female Mutant w/ shockwave generation abilities; Banished to the void Philippa Sontag / Arclight
0%
Former guard of the Arête Laboratories; Humanimal (Evolved tick) Phlektik
0%
Played the drums for Bzermikitokolok and the Knowheremen Phloko
0%
SHILD Agent at Camp Lehigh in 1970; In elevator w/ Rogers & Stark Phyllis Jenkins
0%
Civilian living in the Quantum Realm; Looks like he is dusting away Pixel Man
0%
CIA Agent stationed in Moscow; Uncovered Skrull conspiracy-overrun Earth Prescod
0%
General in the US Air Force; Member of Ellis' Joint Chiefs of Staff Pritchet
0%
Member of the United States Congress; Present at hearing about SHIELD P. Wenham
0%
Aztec god of life; Member of the Council of Godheads in Omnipotence City Quetzalcóatl
0%
Soldier in the US Air Force; Given a tour of the base by James Rhodes Ralph Mays
0%
Member of Adrian Toomes' criminal group; Started salvage shop after jail Randy Vale
0%
First god slain by Gorr the God Butcher, a former disciple of his Rapu
0%
Best friend of Yusuf Khan, the father of Kamala Khan; Muslim man Rasheed
0%
Ravager w/ creepy smile; Sided w/ Taserface during the mutiny & Killed Retch
0%
Pursued a relationship with Jane Foster; Thwarted by Thor Richard Madison
0%
Commodore in the British Royal Navy; Impersonated by a Skrull Robert "Bob" Fairbanks
0%
Strategic Operations Command Center Soldier; Tried shooting Abomination Robertson
0%
American Member of the World Security Council; Killed by Secretary Pierce Rockwell
0%
Soldier in the US Air Force; Given a tour of the base by James Rhodes Ronald Coultrap
0%
Deadpool Variant, banished to the void; Mercenary & Samurai from Japan Roninpool
0%
Babysitter; Watched over Hope van Dyne during her parents missions Rose
0%
Member of the United States Secret Service; Impersonated by a Skrull Ruben Steiner
0%
Owner of 1337 Connect & a supporter of the Flag Smashers; Arrested Rudy
0%
HYDRA Infiltrator as the Executive Officer of Helicarrier IN-01 Russo
0%
Nepalese monk; Performed ritual in front of Doctor Strange & Karl Mordo Sadhu
0%
Strategic Operations Command Center Soldier; Sent to hunt The Hulk Samuel LaRoquette
0%
Resident of Westview; Portrayed Dottie Jones in Scarlet Witch's hex Sarah Proctor
0%
SHIELD Agent; Seized Jane Foster's apartment, alongside Phil Coulson Scott Kelly
0%
Reporter from Queens Tribune; Asked Spider-Man question at benefit Sean Winford
0%
Student at Midtown; Attended the Midtown class field trip to Europe Sebastian Fedas
0%
Owner of the Brass Monkey Saloon & high-ranking criminal leader Selby
0%
Secretary General of NATO; Kidnapped & Impersonated by a Skrull Sergio Caspani
0%
Midtown School Alumni; Discussed the Avengers during P.E. class Seymour O'Reilly
0%
Former Stark Ind. Employee; Mysterio's Crew; Assisted in the plan Shanice
0%
Imam at the Islamic Masjid of Jersey City; Friendly w/ Kamala Khan Sheikh Abdullah
0%
Emcee and member of the Choctaw tribe; Friend of the Lopez family Shikoba
0%
Former lover of Chula Battiest; Close with Maya Lopez; Made her leg Skully
0%
Played the guitar for Bzermikitokolok and the Knowheremen Sliyavastojoo
0%
Master of the Mystic Arts; Master of the London Sanctum; Killed by Zealots Sol Rama
0%
Wakandan Shaman; Took over as the shaman after Zuri's death Sope
0%
South Korean Merchant living in Busan; One of Nakia's contacts Sophia
0%
Fighter Pilot in the US Air Force; Drank w/ Carol Danvers & Maria Rambeau Stephen "Cajun" Del Bagno
0%
Strategic Operations Command Center Officer; Led hunt for Abomination Sterling
0%
Police Officer for the NYPD; Killed during Abomination's attack in NYC Stockwell
0%
Strategic Operations Command Center Soldier; Tried shooting Abomination Stoller
0%
General in the US Air Force deployed in Afghanistan Sullivian
0%
Sumo Wrestler; Fighter at the Golden Daggers Club Tak
0%
Purple-ish Alien; Imprisoned on Sakaar; Survived Battle for Asgard Tasba
0%
Egyptian Goddess of Rain; Member of the Ennead Council Tefnut
0%
Main Recorder for the High Evolutionary; Killed by Star-Lord & Groot Theel
0%
Swiss Psychiatrist; Hired by the JTTF to interrogate Bucky Barnes Theo Broussard
0%
Accountant for the Roxxon Corporation; Participated in his mock execution Thomas Richards
0%
Master of the Mystic Arts; Master of the Hong Kong Sanctum; Alive Tina Minoru
0%
Tailoring assistant to Luke Jacobson, a designer of superhero costumes Tinsley
0%
Resident of Westview; Portrayed Arthur Hart in Scarlet Witch's hex Todd Davis
0%
Flight Attendant who worked for the Stark Industries Private Jet Trixie
0%
Uncle of Jennifer Walters / Girlfriend of the uncle of Jennifer Walters Tucker / Melanie
0%
Wife of Aamir Khan; Supporter of Kamala Khan's heroics Tyesha Hillman
0%
Student at Midtown; Attended the Midtown class field trip to Europe Tyler Corbyn
0%
Kree Advisor to Dar-Benn; Enemy of the Marvels Ty-Rone
0%
Former Stark Ind. Employee; Mysterio's Crew; Came up w/ EMP idea Victoria
0%
Recorder for the High Evolutionary; Tried to rebel against him & killed Vim
0%
Major General in the US Air Force deployed in Afghanistan Waters
0%
Medical Tech in the US Air Force; Recruited by SWORD during Westview Webb
0%
Officer in the New York City PD; LARPer & Ally of Hawkeye & Kate Bishop Wendy Conrad / Bombshell
0%
Easik citizen of Knowhere; Friend of Steemie Blueliver & the GOTG Xlomo Smeth
0%
Freedom Fighters Member, in the Quantum Realm; Fierce warrior Xolum
0%
King & ruler of Indigarr; Helped by Thor & the Guardians of the Galaxy Yakan
0%
Student at Midtown; Attended the Midtown class field trip to Europe Yasmin Monette
0%
Citizen of San Francisco; On bus where Shang-Chi fought; Had laptop Yuchen
0%
Representative from Ta Lo; Member of the Council of Godheads Yu Huang
0%
Student at Midtown; Attended the Midtown class field trip to Europe Zach Cooper
0%
Former Leader of Wakanda's Mining Tribe; Wakanda's Elder Statesman Zawavari
0%
Student at Midtown; Attended the Midtown class field trip to Europe Zoha Souliotis
0%
Older Sister & Child Brother; Saved by Hawkeye & Quicksilver in Sokovia Zrinka / Costel
0%
No matching quizzes found
Score Distribution
Percent of People with Each Score
Percentile by Number Answered
Your Score History
You have not taken this quiz